[Event "8. Open Vila de Salou"]
[Site "Salou ESP"]
[Date "2006.06.13"]
[Round "7.6"]
[White "Vehi Bach, Victor M"]
[Black "Benitah, Yohan"]
[Result "0-1"]
[WhiteElo "2335"]
[BlackElo "2417"]
[PlyCount "66"]
[EventDate "2006.06.07"]
[EventType "swiss"]
[EventRounds "9"]
[EventCountry "ESP"]
[Source "lmi"]
[SourceDate "2006.06.16"]

1. e4 e6 2. d4 d5 3. Nc3 Nf6 4. Bg5 Bb4 5. e5 h6 6. Be3 Ne4 7. Qg4 g6 8. a3 Ba5
9. Nge2 c5 10. dxc5 Nc6 11. b4 Nxe5 12. Qh3 Nxc3 13. Nxc3 Bc7 14. Nb5 Bb8 15.
Bd4 f6 16. Qh4 Kf7 17. f4 Nc6 18. Bb2 a6 19. Nc3 g5 20. Qh5+ Kg7 21. f5 exf5
22. O-O-O d4 23. Na4 Be6 24. Nb6 Bf4+ 25. Kb1 Qe8 26. Qf3 Rd8 27. Bc4 Bxc4 28.
Nxc4 Qe6 29. Nb6 Be3 30. Rhf1 f4 31. Qh5 a5 32. b5 Ne5 33. g3 d3 0-1

[Event "8. Open Vila de Salou"]
[Site "Salou ESP"]
[Date "2006.06.13"]
[Round "7.7"]
[White "Moskalenko, Viktor"]
[Black "Asis Gargatagli, Hipolit"]
[Result "1-0"]
[WhiteElo "2540"]
[BlackElo "2361"]
[PlyCount "61"]
[EventDate "2006.06.07"]
[EventType "swiss"]
[EventRounds "9"]
[EventCountry "ESP"]
[Source "lmi"]
[SourceDate "2006.06.16"]

1. d4 d5 2. Nf3 Nc6 3. c4 e5 4. Nxe5 Nxe5 5. dxe5 dxc4 6. Qxd8+ Kxd8 7. Bg5+
Be7 8. Bxe7+ Nxe7 9. e3 Ng6 10. f4 b5 11. a4 Rb8 12. axb5 Rxb5 13. Nc3 Rb4 14.
O-O-O+ Bd7 15. Rd4 Re8 16. Bxc4 c5 17. Rxd7+ Kxd7 18. Rd1+ Kc8 19. Bxf7 Rf8 20.
Ba2 Ne7 21. g4 Rd8 22. Nd5 Nxd5 23. Bxd5 Kc7 24. e4 Rd4 25. Rxd4 cxd4 26. Kd2
Rb8 27. b3 a5 28. Kd3 Rb4 29. f5 a4 30. bxa4 Rxa4 31. g5 1-0

[Event "8. Open Vila de Salou"]
[Site "Salou ESP"]
[Date "2006.06.13"]
[Round "7.8"]
[White "Narciso Dublan, Marc"]
[Black "Capo Vidal, Uriel"]
[Result "1-0"]
[WhiteElo "2510"]
[BlackElo "2357"]
[PlyCount "75"]
[EventDate "2006.06.07"]
[EventType "swiss"]
[EventRounds "9"]
[EventCountry "ESP"]
[Source "lmi"]
[SourceDate "2006.06.16"]

1. d4 d5 2. c4 e6 3. Nc3 Nf6 4. Bg5 Be7 5. e3 h6 6. Bh4 O-O 7. Nf3 b6 8. Bd3
Bb7 9. O-O Nbd7 10. Qe2 c5 11. Bg3 Ne4 12. cxd5 exd5 13. Rad1 Nxg3 14. hxg3 c4
15. Bb1 f5 16. Ne5 Bb4 17. f4 Qc8 18. Qh5 Bxc3 19. bxc3 Nxe5 20. fxe5 Qe8 21.
Qxe8 Raxe8 22. Bxf5 Bc6 23. Rf3 g5 24. Rdf1 Kg7 25. Bc2 Rxf3 26. gxf3 b5 27. f4
gxf4 28. gxf4 a5 29. Kf2 Rg8 30. Rg1+ Kf8 31. Rxg8+ Kxg8 32. a3 Kg7 33. Kg3 Bd7
34. f5 Be8 35. Kh4 Kf8 36. e4 dxe4 37. Bxe4 b4 38. cxb4 1-0

[Event "8. Open Vila de Salou"]
[Site "Salou ESP"]
[Date "2006.06.13"]
[Round "7.9"]
[White "Vernay, Clovis"]
[Black "Kononenko, Tatiana"]
[Result "1-0"]
[WhiteElo "2293"]
[BlackElo "2383"]
[PlyCount "93"]
[EventDate "2006.06.07"]
[EventType "swiss"]
[EventRounds "9"]
[EventCountry "ESP"]
[Source "lmi"]
[SourceDate "2006.06.16"]

1. d4 d5 2. c4 c6 3. Nf3 Nf6 4. Nc3 dxc4 5. e3 b5 6. a4 b4 7. Nb1 Ba6 8. Be2
Nbd7 9. Nbd2 c5 10. Nxc4 e6 11. Nfe5 Bb7 12. Bf3 Qc7 13. a5 Rc8 14. O-O Be7 15.
Nxd7 Nxd7 16. b3 O-O 17. Bxb7 Qxb7 18. Bb2 Rfd8 19. Qe2 Qa6 20. f4 Bf6 21. Rad1
cxd4 22. exd4 Nf8 23. f5 Rd5 24. Qe1 Rcd8 25. Qxb4 exf5 26. Ne3 Rb5 27. Qc4
Qxa5 28. Bc3 Qb6 29. Nxf5 Rbd5 30. Kh1 R5d7 31. Ra1 Qe6 32. Ra6 Qxc4 33. bxc4
Ne6 34. Ba5 Rc8 35. d5 Nd4 36. Rxf6 gxf6 37. Nxd4 Rxc4 38. Nf5 Rc5 39. Bb4 Rb5
40. Ba3 h5 41. h3 Kh7 42. d6 Rb3 43. Rf3 Rxf3 44. gxf3 Kg6 45. Ne7+ Kg5 46.
Bc1+ Kh4 47. Kg2 1-0

[Event "8. Open Vila de Salou"]
[Site "Salou ESP"]
[Date "2006.06.13"]
[Round "7.10"]
[White "Tania, Sachdev"]
[Black "Tscharotschkin, Michael"]
[Result "1-0"]
[WhiteElo "2375"]
[BlackElo "2244"]
[PlyCount "87"]
[EventDate "2006.06.07"]
[EventType "swiss"]
[EventRounds "9"]
[EventCountry "ESP"]
[Source "lmi"]
[SourceDate "2006.06.16"]

1. d4 d5 2. c4 Bf5 3. cxd5 Bxb1 4. Qa4+ c6 5. Rxb1 Qxd5 6. Nf3 Nd7 7. a3 e5 8.
dxe5 Nxe5 9. Nxe5 Qxe5 10. Bf4 Qf5 11. Rd1 Bc5 12. e3 Bb6 13. Be2 Qa5+ 14. Qxa5
Bxa5+ 15. b4 Bb6 16. Bf3 Nf6 17. g4 h6 18. h4 Rd8 19. Bd6 Kd7 20. Bf8+ Ke6 21.
Rxd8 Bxd8 22. Bxg7 Rh7 23. Bxf6 Bxf6 24. Ke2 Rh8 25. Be4 Rd8 26. f4 Bb2 27. a4
f6 28. Rb1 Ba3 29. Rb3 Bc1 30. Rb1 Ba3 31. Bd3 Ke7 32. Kd2 c5 33. bxc5 Rd7 34.
c6 bxc6 35. Ke2 Kf7 36. a5 Bc5 37. Be4 Rc7 38. Rb8 Bf8 39. a6 c5 40. Kd3 Kg7
41. Kc4 Re7 42. Rb7 Kh8 43. Kb5 Kg7 44. Rb8 1-0

[Event "8. Open Vila de Salou"]
[Site "Salou ESP"]
[Date "2006.06.13"]
[Round "7.11"]
[White "Ibarra Chami, Luis"]
[Black "Edouard, Romain"]
[Result "0-1"]
[WhiteElo "2197"]
[BlackElo "2363"]
[PlyCount "54"]
[EventDate "2006.06.07"]
[EventType "swiss"]
[EventRounds "9"]
[EventCountry "ESP"]
[Source "lmi"]
[SourceDate "2006.06.16"]

1. e4 c5 2. Nc3 g6 3. d4 cxd4 4. Qxd4 Nf6 5. e5 Nc6 6. Qf4 Nh5 7. Qe3 Ng7 8.
Bd3 Ne6 9. f4 Bg7 10. g4 g5 11. fxg5 Nxe5 12. Nf3 Nxd3+ 13. Qxd3 Nc5 14. Qc4 d6
15. Be3 Be6 16. Qf4 Qb6 17. Bd4 Bxd4 18. Qxd4 O-O-O 19. O-O-O Kb8 20. Qf4 Rc8
21. Nd4 Rhf8 22. Nf5 Rfe8 23. Nxd6 exd6 24. Rxd6 Qc7 25. Rhd1 Red8 26. Kb1 Rxd6
27. Rxd6 Ne4 0-1

[Event "8. Open Vila de Salou"]
[Site "Salou ESP"]
[Date "2006.06.13"]
[Round "7.13"]
[White "Hutchinson, Paul A"]
[Black "Vila Gazquez, Xavier"]
[Result "1/2-1/2"]
[WhiteElo "2178"]
[BlackElo "2325"]
[PlyCount "111"]
[EventDate "2006.06.07"]
[EventType "swiss"]
[EventRounds "9"]
[EventCountry "ESP"]
[Source "lmi"]
[SourceDate "2006.06.16"]

1. e4 c5 2. f4 d5 3. exd5 Qxd5 4. Nc3 Qd8 5. Nf3 Nc6 6. Bb5 Bd7 7. O-O Nf6 8.
d3 e6 9. Ne4 Be7 10. c3 O-O 11. Kh1 a6 12. Ba4 Qc7 13. Bc2 b5 14. Be3 Nd5 15.
Qd2 Nxe3 16. Qxe3 Bd6 17. Nxc5 Bxf4 18. Qf2 e5 19. Nxd7 Qxd7 20. d4 exd4 21.
Rad1 Bh6 22. Nxd4 Nxd4 23. Rxd4 Qe7 24. Re1 Qc5 25. Bb3 Ra7 26. Qe2 g6 27. Rd5
Qc6 28. Red1 Qf6 29. Rd7 Rxd7 30. Rxd7 Kg7 31. Qd1 Be3 32. Qf3 Qxf3 33. gxf3
Bc1 34. c4 Bxb2 35. cxb5 axb5 36. Rb7 Bc1 37. Rxb5 f5 38. Rc5 Be3 39. Rc3 Re8
40. a4 Kh6 41. Rc7 Bb6 42. Rb7 Re1+ 43. Kg2 Re2+ 44. Kf1 Rf2+ 45. Ke1 Be3 46.
Bg8 Kg5 47. Rxh7 Kf4 48. Rh4+ Ke5 49. a5 Rb2 50. Ra4 Rxh2 51. a6 Rh8 52. Bf7
Kf6 53. Bd5 Ke5 54. Bf7 Kf6 55. Bd5 Ke5 56. Bf7 1/2-1/2

[Event "8. Open Vila de Salou"]
[Site "Salou ESP"]
[Date "2006.06.13"]
[Round "7.14"]
[White "Hoenick, Andreas"]
[Black "Garcia Castro, Pablo"]
[Result "1-0"]
[WhiteElo "2168"]
[BlackElo "2309"]
[PlyCount "161"]
[EventDate "2006.06.07"]
[EventType "swiss"]
[EventRounds "9"]
[EventCountry "ESP"]
[Source "lmi"]
[SourceDate "2006.06.16"]

1. c4 e5 2. g3 Nc6 3. Bg2 Bc5 4. Nc3 d6 5. e3 a6 6. Nge2 Ba7 7. d4 Nge7 8. O-O
O-O 9. b3 f5 10. dxe5 Nxe5 11. Ba3 Rb8 12. Nd4 Bd7 13. Nd5 b5 14. cxb5 axb5 15.
Nf4 Qc8 16. Nf3 Nf7 17. Bb2 c5 18. Nh5 Rd8 19. Bxg7 Bc6 20. Bc3 Ne5 21. Nf4 Qb7
22. Nh4 Bxg2 23. Nhxg2 b4 24. Bb2 Nf3+ 25. Kh1 Ng6 26. Nd5 Nge5 27. Ndf4 Rbc8
28. Qd5+ Qxd5 29. Nxd5 Kf7 30. Ngf4 Ra8 31. Kg2 Bb8 32. Rfd1 Ra6 33. Nd3 Rd7
34. N5xb4 cxb4 35. Nxe5+ Nxe5 36. Bxe5 Rda7 37. Bf4 Ke6 38. Rd4 Rb7 39. e4 Rb5
40. exf5+ Kxf5 41. h3 h5 42. g4+ hxg4 43. hxg4+ Kxg4 44. Bxd6+ Kf5 45. Rxb4
Rxb4 46. Bxb4 Be5 47. Rh1 Rxa2 48. Bc5 Rb2 49. b4 Bc3 50. Rh4 Ke6 51. Bd4 Bxd4
52. Rxd4 Rb3 53. f3 Ke5 54. Re4+ Kf5 55. Kg3 Rb1 56. Rc4 Rg1+ 57. Kf2 Rb1 58.
Rh4 Rb3 59. Kg2 Kg5 60. Kg3 Rb1 61. Rg4+ Kf5 62. Kf2 Rb2+ 63. Ke3 Rb3+ 64. Ke2
Rb2+ 65. Kd3 Rb3+ 66. Kc4 Rxf3 67. Rd4 Ke6 68. Kc5 Rc3+ 69. Kb6 Rb3 70. b5 Ra3
71. Kb7 Rb3 72. b6 Ra3 73. Kc7 Rc3+ 74. Kb8 Rb3 75. b7 Rb1 76. Ka7 Ra1+ 77. Kb6
Rb1+ 78. Ka6 Rb2 79. Ra4 Kd7 80. Ka7 Kc7 81. b8=Q+ 1-0

[Event "8. Open Vila de Salou"]
[Site "Salou ESP"]
[Date "2006.06.13"]
[Round "7.15"]
[White "Valls Marti, Artur"]
[Black "Peric, Slavisa"]
[Result "0-1"]
[WhiteElo "2138"]
[BlackElo "2288"]
[PlyCount "116"]
[EventDate "2006.06.07"]
[EventType "swiss"]
[EventRounds "9"]
[EventCountry "ESP"]
[Source "lmi"]
[SourceDate "2006.06.16"]

1. f4 d5 2. Nf3 g6 3. g3 Bg7 4. Bg2 c6 5. d3 Nh6 6. c3 Qb6 7. Qb3 Nd7 8. Qxb6
axb6 9. O-O Nc5 10. Nbd2 Nf5 11. Kf2 b5 12. d4 Na4 13. e4 dxe4 14. Nxe4 Be6 15.
b3 Bd5 16. bxa4 Bxe4 17. axb5 cxb5 18. Re1 Nd6 19. Bf1 Bd5 20. Bd3 e6 21. a3
O-O 22. h4 Rfc8 23. Bb2 Bf8 24. Ne5 Rc7 25. h5 gxh5 26. Nf3 h6 27. Rh1 Be4 28.
Be2 Bg6 29. Nd2 Ra5 30. Bxh5 Be4 31. Bf3 Bxf3 32. Kxf3 Nc4 33. Nxc4 bxc4 34. a4
Rc6 35. g4 Rca6 36. Rh5 Rxh5 37. gxh5 Ra5 38. Kg4 Be7 39. Bc1 b5 40. f5 exf5+
41. Kxf5 bxa4+ 42. Ke4 f5+ 43. Kf3 Ra6 44. Kf4 Ra5 45. Kf3 Kg7 46. Bf4 a3 47.
Be5+ Kf7 48. Ra2 Ke6 49. Bg7 Bg5 50. Bf8 Bc1 51. Bb4 Ra8 52. Re2+ Kf6 53. Ra2
Kg5 54. Be7+ Kxh5 55. d5 Kg6 56. d6 Kf7 57. Bh4 Ke6 58. Bg3 f4 0-1

[Event "8. Open Vila de Salou"]
[Site "Salou ESP"]
[Date "2006.06.13"]
[Round "7.16"]
[White "Ramos Lor, Jose"]
[Black "Kekki, Petri"]
[Result "0-1"]
[WhiteElo "2064"]
[BlackElo "2365"]
[PlyCount "54"]
[EventDate "2006.06.07"]
[EventType "swiss"]
[EventRounds "9"]
[EventCountry "ESP"]
[Source "lmi"]
[SourceDate "2006.06.16"]

1. e4 e6 2. d4 d5 3. Nc3 Bb4 4. Bd2 Nc6 5. Nf3 Nf6 6. e5 Ne4 7. Nxe4 dxe4 8.
Bxb4 Nxb4 9. c3 exf3 10. cxb4 fxg2 11. Bxg2 a5 12. Qa4+ Bd7 13. b5 O-O 14. Bxb7
Rb8 15. Ba6 Rb6 16. Qc4 Qa8 17. O-O c6 18. a4 Rfb8 19. Rfc1 g6 20. Ra2 cxb5 21.
axb5 Bxb5 22. Bxb5 Rxb5 23. Qc3 Qe4 24. Qe3 Qg4+ 25. Kf1 Rxb2 26. Rxa5 R8b3 27.
Qh6 Qe2+ 0-1

[Event "8. Open Vila de Salou"]
[Site "Salou ESP"]
[Date "2006.06.13"]
[Round "7.18"]
[White "Miceli, Gaetan"]
[Black "Rofes Barcelo, Josep M"]
[Result "1-0"]
[WhiteElo "2047"]
[BlackElo "2113"]
[PlyCount "117"]
[EventDate "2006.06.07"]
[EventType "swiss"]
[EventRounds "9"]
[EventCountry "ESP"]
[Source "lmi"]
[SourceDate "2006.06.16"]

1. e4 e6 2. d4 d5 3. Nc3 Bb4 4. e5 c5 5. a3 Bxc3+ 6. bxc3 Qc7 7. Qg4 f5 8. Qg3
cxd4 9. cxd4 Ne7 10. Qxg7 Rg8 11. Bb5+ Kd8 12. Qxg8+ Nxg8 13. Bd2 a6 14. Bd3
Nc6 15. Nf3 Qf7 16. O-O Bd7 17. c4 Nce7 18. Rac1 dxc4 19. Ba5+ Ke8 20. Bxc4 b5
21. Ba2 Nd5 22. Bxd5 exd5 23. e6 Bxe6 24. Ng5 Qg6 25. Nxe6 Qxe6 26. Rfe1 Kf7
27. Rxe6 Kxe6 28. Re1+ Kf6 29. Re5 Ne7 30. Bb4 Nc6 31. Rxd5 Nxb4 32. axb4 a5
33. bxa5 Rxa5 34. f3 f4 35. h4 Ke6 36. Rc5 Ra1+ 37. Kh2 b4 38. Rb5 Rb1 39. Kh3
Kd6 40. Kg4 Kc6 41. Rc5+ Kb6 42. Kxf4 b3 43. Kg5 Rg1 44. Rc8 Rxg2+ 45. Kh6 Kb7
46. Rc3 Rg6+ 47. Kxh7 Rb6 48. Rc1 b2 49. Rb1 Kc7 50. h5 Kd6 51. h6 Ke6 52. Kg7
Kf5 53. h7 Rg6+ 54. Kf8 Rh6 55. Rxb2 Rxh7 56. Rb5+ Ke6 57. Rb6+ Kd5 58. f4 Rh4
59. f5 1-0

[Event "8. Open Vila de Salou"]
[Site "Salou ESP"]
[Date "2006.06.13"]
[Round "7.20"]
[White "Vinals Rioja, Jaume"]
[Black "Reves Balleste, Jose"]
[Result "1/2-1/2"]
[WhiteElo "2122"]
[BlackElo "1975"]
[PlyCount "57"]
[EventDate "2006.06.07"]
[EventType "swiss"]
[EventRounds "9"]
[EventCountry "ESP"]
[Source "lmi"]
[SourceDate "2006.06.16"]

1. e4 c6 2. d4 d5 3. exd5 cxd5 4. c4 Nf6 5. Nc3 Nc6 6. Nf3 e6 7. Bg5 Be7 8. c5
O-O 9. Bb5 Bd7 10. O-O Rc8 11. a3 h6 12. Bh4 Na5 13. Bd3 Nh5 14. Bxe7 Qxe7 15.
b4 Nc6 16. Re1 Qf6 17. Bc2 Nf4 18. Ne2 Ng6 19. Ng3 Nh4 20. Ne5 Nxe5 21. Rxe5 g6
22. Qg4 Kh8 23. Rae1 Rg8 24. Qd1 Bb5 25. a4 Bc4 26. b5 Nf5 27. Qd2 Qg5 28. Qxg5
hxg5 29. Nxf5 1/2-1/2

[Event "8. Open Vila de Salou"]
[Site "Salou ESP"]
[Date "2006.06.14"]
[Round "8.1"]
[White "Caruana, Fabiano"]
[Black "Spraggett, Kevin"]
[Result "1/2-1/2"]
[WhiteElo "2421"]
[BlackElo "2578"]
[PlyCount "112"]
[EventDate "2006.06.07"]
[EventType "swiss"]
[EventRounds "9"]
[EventCountry "ESP"]
[Source "lmi"]
[SourceDate "2006.06.16"]

1. e4 c5 2. Nf3 Nc6 3. Bb5 e6 4. O-O Nge7 5. c3 a6 6. Ba4 b5 7. Bc2 Bb7 8. Re1
Ng6 9. d4 cxd4 10. cxd4 Be7 11. Nc3 O-O 12. g3 Rc8 13. h4 Na5 14. h5 Nh8 15. h6
g6 16. d5 f5 17. Nd4 fxe4 18. Bxe4 b4 19. Nce2 Bf6 20. Bg2 Qb6 21. b3 Bxd5 22.
Bxd5 exd5 23. Be3 Qd6 24. Qd2 Nc6 25. Rac1 Ne5 26. Rxc8 Rxc8 27. Rc1 Re8 28.
Qc2 Nhf7 29. Qc5 Ng4 30. Bf4 Qxc5 31. Rxc5 Ngxh6 32. Rxd5 d6 33. Bxh6 Nxh6 34.
Rxd6 Ng4 35. Rxa6 Rd8 36. Nf3 Be7 37. Nf4 Bc5 38. Ne6 Bxf2+ 39. Kg2 Re8 40.
Nfg5 Be3 41. Ne4 h5 42. Kf3 Re7 43. Ke2 Kf7 44. Nd6+ Kf6 45. Nc7 Bb6+ 46. Ne4+
Rxe4+ 47. Kd2 Rd4+ 48. Kc1 Ne3 49. Rxb6+ Kf5 50. Ne6 Rd1+ 51. Kb2 Rd2+ 52. Kc1
Rd1+ 53. Kb2 Rd2+ 54. Kc1 Rxa2 55. Nd4+ Ke4 56. Rxb4 Kd3 1/2-1/2

[Event "8. Open Vila de Salou"]
[Site "Salou ESP"]
[Date "2006.06.14"]
[Round "8.2"]
[White "Hamdouchi, Hichem"]
[Black "Lopez Martinez, Josep M"]
[Result "1/2-1/2"]
[WhiteElo "2559"]
[BlackElo "2481"]
[PlyCount "48"]
[EventDate "2006.06.07"]
[EventType "swiss"]
[EventRounds "9"]
[EventCountry "ESP"]
[Source "lmi"]
[SourceDate "2006.06.16"]

1. e4 e5 2. Nf3 Nc6 3. d4 exd4 4. Nxd4 Qf6 5. Be3 Bc5 6. c3 Nge7 7. g3 d5 8.
Bg2 Bxd4 9. cxd4 dxe4 10. Nc3 O-O 11. Nxe4 Qg6 12. O-O Rd8 13. Qb3 b6 14. Nc3
Bb7 15. Qa4 Na5 16. Bxb7 Nxb7 17. Rad1 Qg4 18. Bf4 Qd7 19. Qa6 Nd6 20. Rfe1 h6
21. Bxd6 Qxd6 22. d5 Qd7 23. Qc4 Nf5 24. Qf4 Nd6 1/2-1/2

[Event "8. Open Vila de Salou"]
[Site "Salou ESP"]
[Date "2006.06.14"]
[Round "8.3"]
[White "Alsina Leal, Daniel"]
[Black "Moskalenko, Viktor"]
[Result "1/2-1/2"]
[WhiteElo "2441"]
[BlackElo "2540"]
[PlyCount "127"]
[EventDate "2006.06.07"]
[EventType "swiss"]
[EventRounds "9"]
[EventCountry "ESP"]
[Source "lmi"]
[SourceDate "2006.06.16"]

1. e4 e6 2. d4 d5 3. Nc3 Bb4 4. e5 c5 5. a3 Bxc3+ 6. bxc3 Qc7 7. Qg4 f5 8. Qg3
Nc6 9. Nf3 cxd4 10. cxd4 Nge7 11. Bd2 O-O 12. Bd3 Bd7 13. O-O Be8 14. Rab1 Bg6
15. Qf4 h6 16. Ne1 Bh7 17. c3 Na5 18. Qg3 Kh8 19. f4 Bg6 20. Nc2 Be8 21. Ne3 a6
22. Qf3 Bc6 23. Qe2 b5 24. h3 Nc4 25. Nc2 Be8 26. Be1 Qd7 27. Kh2 Nb6 28. Ne3
Nc4 29. Nc2 Bg6 30. Bh4 Bh7 31. Bxe7 Qxe7 32. a4 Rfb8 33. axb5 axb5 34. Ra1 g5
35. Bxc4 bxc4 36. Qh5 Qg7 37. fxg5 Qxg5 38. Qxg5 hxg5 39. Nb4 f4 40. g3 Rxa1
41. Rxa1 Rf8 42. g4 Be4 43. Ra2 Kg7 44. Ra7+ Kg6 45. Ra2 Rf7 46. Ra1 f3 47. Rf1
f2 48. Kg3 Rf3+ 49. Kh2 Kf7 50. Na6 Rxc3 51. Rxf2+ Ke7 52. Nc5 Bg6 53. Ra2 Rc2+
54. Rxc2 Bxc2 55. h4 gxh4 56. Kh3 c3 57. Kxh4 Be4 58. Kg5 c2 59. Nb3 Kf7 60.
Kh6 Kg8 61. Nc1 Kf7 62. Nb3 Bf3 63. g5 Be4 64. Nc1 1/2-1/2

[Event "8. Open Vila de Salou"]
[Site "Salou ESP"]
[Date "2006.06.14"]
[Round "8.5"]
[White "Pogorelov, Ruslan"]
[Black "Narciso Dublan, Marc"]
[Result "1-0"]
[WhiteElo "2385"]
[BlackElo "2510"]
[PlyCount "117"]
[EventDate "2006.06.07"]
[EventType "swiss"]
[EventRounds "9"]
[EventCountry "ESP"]
[Source "lmi"]
[SourceDate "2006.06.16"]

1. Nf3 d5 2. d4 Nf6 3. c4 e6 4. Nc3 Nbd7 5. cxd5 exd5 6. Bg5 c6 7. Qc2 Be7 8.
e3 Nh5 9. Bxe7 Qxe7 10. g4 Nhf6 11. Rg1 Nb6 12. h3 Be6 13. Bd3 O-O-O 14. O-O-O
Kb8 15. Kb1 h5 16. g5 Nfd7 17. h4 Bg4 18. Rg3 Nc8 19. Rdg1 Nd6 20. Nd2 g6 21.
f3 Be6 22. e4 Nb6 23. Ne2 Rhe8 24. Nf4 dxe4 25. fxe4 Bg4 26. Ng2 Ndc8 27. Ne3
Rxd4 28. Nxg4 hxg4 29. Nb3 Rdd8 30. Rxg4 Nd7 31. Rf4 Ne5 32. Be2 Nb6 33. a3 Rd6
34. Rd1 Nbd7 35. Rxd6 Qxd6 36. Qd2 Qc7 37. Ka2 Rd8 38. Qe3 c5 39. h5 c4 40. Nc1
Nc5 41. h6 Ncd3 42. Rh4 Qa5 43. Nxd3 cxd3 44. h7 Rh8 45. Bxd3 Nxd3 46. Qxd3
Qxg5 47. Qd6+ Ka8 48. Rf4 f5 49. exf5 gxf5 50. Qe5 Qd8 51. Qxf5 a6 52. Qf7 Ka7
53. Rb4 Qc8 54. Rc4 Qb8 55. Rg4 Rf8 56. Qb3 Rh8 57. Rg8 Qe5 58. Rxh8 Qxh8 59.
Qg8 1-0

[Event "8. Open Vila de Salou"]
[Site "Salou ESP"]
[Date "2006.06.14"]
[Round "8.7"]
[White "Korneev, Oleg"]
[Black "Hoenick, Andreas"]
[Result "1-0"]
[WhiteElo "2671"]
[BlackElo "2168"]
[PlyCount "67"]
[EventDate "2006.06.07"]
[EventType "swiss"]
[EventRounds "9"]
[EventCountry "ESP"]
[Source "lmi"]
[SourceDate "2006.06.16"]

1. e4 e6 2. d4 d5 3. Nc3 Bb4 4. e5 Ne7 5. a3 Bxc3+ 6. bxc3 c5 7. Qg4 O-O 8. Bd3
Nbc6 9. Qh5 Ng6 10. Nf3 Qc7 11. Be3 c4 12. Bxg6 fxg6 13. Qg4 Bd7 14. h4 Rf5 15.
h5 gxh5 16. Rxh5 Rxh5 17. Qxh5 Rf8 18. Kd2 Bc8 19. Rh1 h6 20. Bxh6 gxh6 21. Rh3
Qh7 22. Kc1 Ne7 23. Ng5 Qg6 24. Qxg6+ Nxg6 25. Rxh6 Kg7 26. Rh7+ Kg8 27. Rc7
Re8 28. Nh7 Rd8 29. Nf6+ Kf8 30. Rh7 a5 31. Kd2 b5 32. Ke3 Ba6 33. f4 Rb8 34.
Nd7+ 1-0

[Event "8. Open Vila de Salou"]
[Site "Salou ESP"]
[Date "2006.06.14"]
[Round "8.8"]
[White "Jakobsen, Ole"]
[Black "Vehi Bach, Victor M"]
[Result "1/2-1/2"]
[WhiteElo "2388"]
[BlackElo "2335"]
[PlyCount "83"]
[EventDate "2006.06.07"]
[EventType "swiss"]
[EventRounds "9"]
[EventCountry "ESP"]
[Source "lmi"]
[SourceDate "2006.06.16"]

1. d4 Nf6 2. c4 e6 3. Nf3 d5 4. Nc3 Bb4 5. cxd5 exd5 6. Bg5 O-O 7. e3 c5 8.
dxc5 Nbd7 9. Be2 Qa5 10. Bxf6 Nxf6 11. O-O Bxc3 12. bxc3 Qxc5 13. Qd4 Qxd4 14.
Nxd4 Bd7 15. c4 dxc4 16. Bxc4 Rfc8 17. Rfc1 Kf8 18. Bd3 Rxc1+ 19. Rxc1 Rc8 20.
Rxc8+ Bxc8 21. f3 Ke7 22. Kf2 Bd7 23. Ke2 Nd5 24. Kd2 Nb4 25. Bc4 Nc6 26. Nxc6+
Bxc6 27. Kc3 f6 28. Kd4 Kd6 29. e4 g5 30. g3 Bd7 31. a3 Be6 32. Bd3 h6 33. f4
Bb3 34. Be2 b6 35. Ba6 Ba2 36. Bb7 Bb3 37. Bc8 Kc7 38. Bg4 Kd6 39. Be2 Ba2 40.
Bd1 Ke6 41. Bg4+ Kd6 42. Be2 1/2-1/2

[Event "8. Open Vila de Salou"]
[Site "Salou ESP"]
[Date "2006.06.14"]
[Round "8.9"]
[White "Aloma Vidal, Robert"]
[Black "Tania, Sachdev"]
[Result "1-0"]
[WhiteElo "2352"]
[BlackElo "2375"]
[PlyCount "181"]
[EventDate "2006.06.07"]
[EventType "swiss"]
[EventRounds "9"]
[EventCountry "ESP"]
[Source "lmi"]
[SourceDate "2006.06.16"]

1. e4 c5 2. Nf3 e6 3. d4 cxd4 4. Nxd4 a6 5. Bd3 Qc7 6. O-O Nf6 7. Qe2 d6 8. c4
g6 9. Be3 Bg7 10. Nc3 Nbd7 11. Rac1 O-O 12. f4 b6 13. b4 Bb7 14. Nb3 Rac8 15.
a4 Qb8 16. Kh1 Qa8 17. Bd4 e5 18. fxe5 Nxe5 19. Nd5 Nxd5 20. cxd5 f5 21. Rxc8
Qxc8 22. Rc1 Qa8 23. Bxe5 Bxe5 24. exf5 Bxd5 25. Nd2 gxf5 26. Bxa6 Kh8 27. Bc4
Bb7 28. Bb3 Qd8 29. Nf3 Bg7 30. Rd1 Be4 31. Bd5 Re8 32. Qb5 Re7 33. Ng5 Bxd5
34. Qxd5 Qe8 35. Nf3 Qxa4 36. Qxd6 Re6 37. Qd5 h6 38. Rf1 Rf6 39. b5 Qe4 40.
Qd2 Qc4 41. Rb1 Kh7 42. h3 Re6 43. Qb4 Qd5 44. Qb3 Qd7 45. Rd1 Rd6 46. Rxd6
Qxd6 47. Qc2 Qf4 48. Qc6 Qe3 49. Qd5 Qe4 50. Qc6 Qe3 51. Qc2 Qe4 52. Qc6 Qe3
53. Kh2 Qf4+ 54. Kg1 Qe3+ 55. Kh1 Qf2 56. Qd5 Qc2 57. Kh2 Qc7+ 58. Kg1 Qc1+ 59.
Kf2 Qc2+ 60. Kg3 Qc7+ 61. Kf2 Qc2+ 62. Ke3 Qxg2 63. Qxf5+ Qg6 64. Kf4 Bb2 65.
Nh4 Qxf5+ 66. Kxf5 Kg7 67. Ke6 Ba3 68. Nf3 Bc5 69. Ne5 Bg1 70. h4 Bh2 71. h5
Bg1 72. Nc6 Bc5 73. Ne7 Kh7 74. Nf5 Ba3 75. Kf7 Bc5 76. Ng3 Be3 77. Ne4 Kh8 78.
Nf6 Bd2 79. Nd5 Ba5 80. Kg6 Kg8 81. Kxh6 Kf7 82. Kg5 Ke6 83. Nf4+ Kd6 84. h6
Bc3 85. h7 Bh8 86. Kg6 Ke5 87. Nh5 Ke6 88. Ng7+ Ke7 89. Nf5+ Ke6 90. Ne3 Ba1
91. Nc4 1-0

[Event "8. Open Vila de Salou"]
[Site "Salou ESP"]
[Date "2006.06.14"]
[Round "8.10"]
[White "Peric, Slavisa"]
[Black "Edouard, Romain"]
[Result "1/2-1/2"]
[WhiteElo "2288"]
[BlackElo "2363"]
[PlyCount "73"]
[EventDate "2006.06.07"]
[EventType "swiss"]
[EventRounds "9"]
[EventCountry "ESP"]
[Source "lmi"]
[SourceDate "2006.06.16"]

1. d4 Nf6 2. c4 c5 3. Nf3 cxd4 4. Nxd4 Nc6 5. Nc3 g6 6. g3 Bg7 7. Bg2 O-O 8.
Nc2 d6 9. O-O Nd7 10. Bd2 a5 11. b3 Nc5 12. Rc1 Bd7 13. Nd5 e6 14. Nf4 Qb6 15.
Qe1 Ne5 16. Be3 Bc6 17. f3 Rfd8 18. Qf2 Be8 19. Nd3 Nexd3 20. exd3 Qa6 21. Rfd1
Rac8 22. d4 Nd7 23. d5 exd5 24. Rxd5 a4 25. Rcd1 axb3 26. axb3 Qa2 27. Rxd6
Qxb3 28. Bb6 Bf8 29. Bxd8 Bxd6 30. Rxd6 Rxd8 31. Ne3 Qb4 32. Qd2 Qxd2 33. Rxd2
Ra8 34. f4 Ra3 35. Kf2 Rb3 36. Bd5 Nf6 37. Bf3 1/2-1/2

[Event "8. Open Vila de Salou"]
[Site "Salou ESP"]
[Date "2006.06.14"]
[Round "8.11"]
[White "Kononenko, Tatiana"]
[Black "Fenollar Jorda, Manuel"]
[Result "1/2-1/2"]
[WhiteElo "2383"]
[BlackElo "2331"]
[PlyCount "131"]
[EventDate "2006.06.07"]
[EventType "swiss"]
[EventRounds "9"]
[EventCountry "ESP"]
[Source "lmi"]
[SourceDate "2006.06.16"]

1. d4 d5 2. c4 c6 3. Nf3 Nf6 4. e3 Bg4 5. h3 Bxf3 6. Qxf3 e6 7. Nc3 Be7 8. Bd3
Nbd7 9. g4 dxc4 10. Bxc4 Nd5 11. Bd2 N7b6 12. Bb3 Nb4 13. Qe2 a5 14. a3 N4d5
15. e4 Nxc3 16. Bxc3 O-O 17. O-O Bd6 18. f4 c5 19. Qf2 Rc8 20. Rad1 Qc7 21. Kg2
Qc6 22. d5 exd5 23. Bxd5 Nxd5 24. Rxd5 Be7 25. Rfd1 a4 26. Qf3 b5 27. Rd7 Rfe8
28. e5 Qxf3+ 29. Kxf3 b4 30. Be1 bxa3 31. bxa3 c4 32. Ra7 c3 33. Rxa4 c2 34.
Rc1 Red8 35. Ke2 Rd5 36. Ra7 Kf8 37. Bb4 Bxb4 38. axb4 Rd4 39. Ra2 Rxb4 40.
Rcxc2 Rxc2+ 41. Rxc2 Rxf4 42. Ke3 Ra4 43. Rc3 Ke7 44. Kf3 Ke6 45. Re3 Kd5 46.
Kg3 Re4 47. Rb3 Rxe5 48. Rb7 Ke6 49. Rb6+ Ke7 50. Kf4 Rd5 51. Rb7+ Ke6 52. Rb6+
Rd6 53. Rb4 Kf6 54. Rb7 Rd4+ 55. Kg3 Rd3+ 56. Kg2 Kg6 57. Rb5 Re3 58. Rc5 f6
59. Rc7 h5 60. gxh5+ Kh6 61. Rc5 Re5 62. Rxe5 fxe5 63. Kf3 Kg5 64. Ke4 Kf6 65.
Ke3 Kf5 66. Kf3 1/2-1/2